Statistics for Most Popular JetPunk Quizzes

Click here to take the quiz!

General Stats

  • This quiz has been taken 18 times
    (17 since last reset)
  • The average score is 3 of 30

Answer Stats

Amount Of Plays (June 7, 2014)Quiz% Correct
3,900,150Countries Of The World
100%
1,949,793US States
44%
347,781World Capitals
25%
582,692Europe Map Quiz
13%
467,484United States Map Quiz
13%
236,303US Presidents
13%
208,054Africa Map Quiz
6%
672,149Fast Typing To 100
6%
435,588Fifty States In One Minute
6%
230,940Harry Potter Last Names
6%
224,243Major League Baseball Teams
6%
138,647Name That Fruit
6%
283,756NBA Teams Quiz
6%
435,980NFL Teams Quiz
6%
148,789Panstwa Swiata
6%
179,450Pokemon Quiz
6%
144,833South America Map Quiz
6%
226,346The 8 Planets
6%
174,65712 Months In 15 Seconds
0%
192,2402000's Catchphrases
0%
133,23040 Historical People (Everyone Should Know)
0%
270,356Country Flags
0%
231,515East Asia Map Quiz
0%
237,361Fast Typing A To Z
0%
263,405Fresh Prince Lyrics
0%
147,393Maailman Valtioiden Nimet Suomeksi
0%
176,212Mythical Creatures
0%
176,111Paises Do Mundo
0%
142,148Periodic Table Quiz
0%
130,790US State Capital Quiz
0%

Score Distribution

Percentile by Number Answered

Percent of People with Each Score

Your Score History

You have not taken this quiz since the last reset